| 000 | 00605nam a22001937a 4500 | ||
|---|---|---|---|
| 999 |
_c6327 _d6327 |
||
| 003 | GBCCL | ||
| 005 | 20241126110600.0 | ||
| 008 | 180509b ||||| |||| 00| 0 eng d | ||
| 020 | _a0895771543 | ||
| 040 | _cgbc | ||
| 082 |
_a808.87 _bREA |
||
| 110 |
_aReader's Digest Association _96294 |
||
| 245 |
_aPeople in Peril and how they survived: _b86 true dramas from the pages of the Reader's digest |
||
| 260 |
_aPleasantville: _bReader's Digest Association, _c1983 |
||
| 300 |
_a573 p.; _bill., col., _c23 cm. |
||
| 650 |
_aSurvivals _911334 |
||
| 650 |
_aAdventure and adventurers _911335 |
||
| 942 |
_2ddc _cBK |
||